000 00716nam a22001937a 4500
999 _c17906
_d17906
003 OSt
005 20230127132830.0
008 230127b ||||| |||| 00| 0 eng d
040 _c0
082 _aDPer 910.46 T156 2019 v76PA-76PB
100 _aJang, SooCheong (Shawn).
_eauthor.
_947639
245 _aA sustainable franchisor-franchisee relationship model :
_btoward the franchise win-win theory /
_cSooCheong (Shawn) Jang, Kwangmin Park.
260 _aAmsterdam :
_bElsevier,
_c©January 2019.
300 _av 76PB, pages 13-24 : illustrations.
650 _aHospitality industry.
_947640
700 _aJang, SooCheong (Shawn).
_eauthor.
_947639
700 _aPark, Kwangmin.
_eauthor.
_947641
942 _2ddc
_cPER